00299nam a22000977a 4500008004100000082001200041245005600053260007600109300001000185440000600195230606b xxu||||| |||| 00| 0 eng d a341.249 aKonrad Adenauer Stiftung African Law Study Library  aNairobi,KenyabRule of Law Program for Sub-Saharan AfricacOctober,2011 aI,86p v7